Harry Potter Patronus Picture Match Quiz Stats

 Plays Quiz Updated Jul 13, 2017

Support Sporcle.
Go Orange.
Score 0/12 Timer 02:00
3 Plays Today
% Correct
Stag
89.3%
Cat
87.7%
Phoenix
85.8%
Doe
85.4%
Otter
78%
Hare
75.2%
Goat
72.4%
Jack Russell Terrier
70.4%
Swan
63.3%
Wolf
62.5%
Horse
60.1%
Fox
58.9%

You're not logged in!

Compare scores with friends on all Sporcle quizzes.
OR
Log In
Forgot?

From the Vault

Old Professions by Description

by ThesaurusRex

We wonder if there's an old-timey name for trivia expert.
Remove Ads.
Support Sporcle.
Get the best of Sporcle when you Go Orange. This ad-free experience offers more features, more stats, and more fun while also helping to support Sporcle. Thank you for becoming a member.

Show Comments

Extras

Top Quizzes Today


Score Distribution

Your Account Isn't Verified!

In order to create a playlist on Sporcle, you need to verify the email address you used during registration. Go to your Sporcle Settings to finish the process.

Report this User

Report this user for behavior that violates our Community Guidelines.

Details: